La construcción de lo real en el niño / Jean Piaget

Détails bibliographiques
Auteur principal: Piaget, Jean
Format: Livre
Langue:espagnol
Publié: Barcelona, España : Editorial Grijalbo, 1985
Sujets:

MARC

LEADER 00000nam a2200000Ia 4500
008 150820b1985 SP ||||| |||| 00| | spa d
999 |c 234  |d 234 
020 |a 8474232651 
090 |a 06.01.01   |b 1818 
100 1 |9 639  |a Piaget, Jean 
245 1 3 |a La construcción de lo real en el niño /   |b Jean Piaget 
260 |a Barcelona, España :   |b Editorial Grijalbo,   |c 1985 
300 |a 351 páginas 
650 0 |a PSICOLOGÍA DE LA EDUCACIÓN  |9 625 
650 0 |a NIÑOS  |9 59 
942 |i 002807   |h 06.01.01 1818  |2 z  |c 01